O direito processual do trabalho na perspectiva do Cd̤igo de Processo Civil e da reforma trabalhista

Bibliographic Details
Main Author: Neves Koury, Luiz Ronan
Other Authors: Rabl̊lo De Almeida, Wńia Guimarês, Silvino Assunȯ̂, Carolina Silva
Format: eBook
Language:Portuguese
Published: San Pablo: LTR, 2017
Subjects:
Online Access:Acceso restringido

MARC

LEADER 00000nam a22000007a 4500
005 20180504215328.0
007 cr|||| |||
008 180504s2017 br |||||s|||| 00||0 por d
020 |a 978-85-361-9482-0 
035 |a 21575 
040 |a vLex 
090 |c 7905  |d 7905 
100 1 |a Neves Koury, Luiz Ronan 
245 1 1 |a O direito processual do trabalho na perspectiva do Cd̤igo de Processo Civil e da reforma trabalhista  |h [Recurso electrn̤ico] /  |c Luiz Ronan Neves Koury, Wńia Guimarês Rabl̊lo De Almeida, Carolina Silva Silvino Assunȯ̂ 
256 |a Servicio en ln̕ea 
260 |a San Pablo:  |b LTR,  |c 2017 
300 |a 1 recurso electrn̤ico 
500 |a Esta obra ̌fruto de significativa pesquisa h ̀algum tempo desenvolvida pelo Prof. Luiz Ronan Koury juntamente com alunos e alunas de graduaȯ̂ e de ps̤-graduaȯ̂ da Faculdade de Direito Milton Campos (FDMC). Reflete o compromisso de seus autores para com as sřias queste̳s jurd̕icas e sociais que tm̊ sido debatidas profundamente pelo Grupo de Estudo e Pesquisa em Processo Civil e Processo do Trabalho, o qual ̌registrado junto ao Nc︢leo de Pesquisa e Produȯ̂ Acadm̊ica da FDMC e tem apresentado resultados muito relevantes em sua investigaȯ̂ cientf̕ica, contribuindo para a qualidade da formaȯ̂ profissional dos discentes que dele participam. A cada semestre em que convivo com o GEP de Processo Civil e do Trabalho tenho a grata alegria de ver o despertar crt̕ico desses jovens alunos e alunas que se tornarô importantes contribuidores para um Direito mais preocupado com a dignidade da pessoa humana e com a qualidade da prt̀ica processual brasileira de modo que nosso ordenamento jurd̕ico possa efetivamente ser uma respeitv̀el refern̊cia quanto ao cumprimento ťico e tčnico das normas processuais e quanto ̉defesa de direitos fundamentais constitucionalmente protegidos. A trajetr̤ia acadm̊ica e cientf̕ica do grupo o comprova. Por isso, recomendo a todos que se interessam pelas temt̀icas apresentadas a desfrutarem de uma leitura juridicamente adequada e de qualidade, ao mesmo tempo em que tambm̌ ̌uma atenta crt̕ica positiva do ordenamento pt̀rio e de sua responsabilidade em densificar a justiȧ no Brasil. 
506 1 |a Disponible solo en los productos indicados  |d vLex Global  |d vLex Global (Academic Edition, excluding Law Schools)  |d vLex Global (U.S. Academic Edition, Law Schools)  |d vLex Global (U.S. Academic Edition, excluding Law Schools)  |d vLex Global (Academic Edition, Law Schools) 
650 0 4 |a Derecho Laboral y Seguridad Social  |z Brasil 
650 0 4 |a Derecho Constitucional  |z Brasil 
650 0 4 |a Derecho Procesal  |z Brasil 
650 0 4 |a Procedimiento Laboral  |z Brasil 
700 1 |a Rabl̊lo De Almeida, Wńia Guimarês 
700 1 |a Silvino Assunȯ̂, Carolina Silva 
740 0 |a vLex Libros (Servicio en ln̕ea) 
856 4 0 |u http://vlex.com/source/direito-processual-do-trabalho-na-perspectiva-do-codigo-de-processo-civil-e-da-reforma-trabalhista-atualizado-de-acordo-com-a-mp-n-808-de-14-de-novembro-de-2017-21575  |z Acceso restringido 
942 |c BOOK 
999 0 |a Labor Law and Social Security 
999 0 |a Constitutional Law 
999 0 |a Procedural Law 
999 0 |a Labor Procedure